书目信息 |
| 题名: |
费恩曼物理学讲义
|
|
| 作者: | 弗恩曼 , 莱顿 , 桑兹 著 | |
| 分册: | 第2卷 | |
| 出版信息: | 北京 世界图书出版公司 2004.11 |
|
| 页数: | 1册 | |
| 开本: | 26cm | |
| 丛书名: | ||
| 单 册: | ||
| 中图分类: | O4 | |
| 科图分类: | ||
| 主题词: | ||
| 电子资源: | ||
| ISBN: | 7-5062-7248-2 | |
| 000 | 01031nam0 2200277 450 | |
| 001 | 012006801095 | |
| 005 | 20061205152714.48 | |
| 010 | @a7-5062-7248-2@dCNY98.00 | |
| 100 | @a20061105d2004 km y0chiy0120 ea | |
| 101 | 0 | @aeng |
| 102 | @aCN@b110000 | |
| 105 | @aa z 000yy | |
| 200 | 1 | @a费恩曼物理学讲义@Afei en man wu li xue jiang yi@h第2卷@d= The Feynman lectures on physics@hv. 2@fFEYNMAN, LEIGHTON, SANDS著@FFEYNMAN,LEIGHTON,SANDS zhu |
| 205 | @a影印版 | |
| 210 | @a北京@c世界图书出版公司@d2004.11 | |
| 215 | @a1册@c图@d26cm | |
| 314 | @a责任者译姓 : 弗恩曼, 莱顿, 桑兹 | |
| 330 | @a本书是一部有关物理学的英文版讲义。书中详细叙述了费恩曼物理学的各个方面。 | |
| 510 | 1 | @aFeynman lectures on physics@hv. 2@zeng |
| 605 | @a费恩曼物理学讲义@Afei en man wu li xue jiang yi | |
| 690 | @aO4@v4 | |
| 701 | 1 | @a弗恩曼@Afu en man@g(Feynman, Richard P.)@4著 |
| 701 | 1 | @a莱顿@Alai dun@g(Leighton, Robert B.)@4著 |
| 701 | 1 | @a桑兹@Asang zi@g(Sands, Matthew)@4著 |
| 801 | 0 | @aCN@c20061205 |
| 905 | @a10447@dO4@eF584:2 | |
| 费恩曼物理学讲义.第2卷= The Feynman lectures on physics.v. 2/FEYNMAN, LEIGHTON, SANDS著.-影印版.-北京:世界图书出版公司,2004.11 |
| 1册:图;26cm |
| ISBN 7-5062-7248-2:CNY98.00 |
| 本书是一部有关物理学的英文版讲义。书中详细叙述了费恩曼物理学的各个方面。 |
| ● |
| 相关链接 |
|
|
|
正题名:费恩曼物理学讲义
索取号:O4/F584:2
 
预约/预借
| 序号 | 登录号 | 条形码 | 馆藏地/架位号 | 状态 | 备注 |
| 1 | 226292 | 202262924 | 自科库401/401自科库 84排1列3层/ [索取号:O4/F584:2] | 在馆 |